000 00951nam a2200289 i 4500
001 96216
003 ES-MaACL
005 20230906181853.0
007 t|
008 050614s1982 sp ||||1| spa d
020 _a84-254-1218-8
080 _a301:17
080 _a32:1
100 1 _aMaffesoli, Michel.
_975426
245 1 3 _aLa violencia totalitaria
_b: ensayo de antropología política /
_cMichel Maffesoli ; prólogo de Pierre Sansot ; [versión castellana de Diorki].
260 _aBarcelona :
_bHerder,
_c1982.
300 _a332 p. ;
_c25 cm.
490 1 _aBiblioteca Herder. Sección de filosofía ;
_v167
504 _aBibliografía: p. 320-328.
650 4 _aPoder.
_916144
650 4 _aPolítica-
_xFilosofía-
_yS.XX.
_916279
700 1 _aSansot, Pierre.
_9103226
710 2 _aDiorki.
_93392
830 1 _aBiblioteca Herder. Sección de filosofía ;
_v167
_9232236
852 4 _aES-MaACL
_jL-7758
999 _c96216
_d96216